| 000 | 00597nam a2200205 i 4500 | ||
|---|---|---|---|
| 001 | bg | ||
| 100 | 1 | _aDEMINET, Jarosław | |
| 245 | 1 | 0 |
_aSystem operacyjny MS-DOS / _cJ. Deminet. |
| 260 |
_aWarszawa : _bWydawnictwa Naukowo-Techniczne, _c1990. |
||
| 300 |
_a173 s. : _brys. ; _c24 cm. |
||
| 650 | 9 | _aDOS | |
| 020 | _a8320412579 | ||
| 040 | _cBPK | ||
| 041 | 0 | _apl | |
| 080 | _a004.451(07)DOS | ||
| 920 | _a83-204-12579 | ||
| 942 | _cKS | ||
| 008 | s pl f |000 0 pol | ||
| 856 |
_uhttp://koha.tu.koszalin.pl/cgi-bin/koha/opac-detail.pl?biblionumber=37450 _yKatalog online BPK |
||
| 999 |
_c37450 _d37450 |
||